Teória verejnej voľby a jej príspevok k pochopeniu makroekonomického vývoja súčasných ekonomík
Genéza teórie verejnej voľby. Teória verejnej voľby ako samostatný vedecký prístup poznačený významným vplyvom ekonómie i politických vied. Príspevok teórie verejnej voľby k pochopeniu determinantov makroekonomického vývoja.
Saved in:
| Main Author: | |
|---|---|
| Format: | Book Chapter |
| Language: | Slovak |
| Subjects: | |
| Tags: |
No Tags, Be the first to tag this record!
|
MARC
| LEADER | 00000nla$a2200000$$$4500 | ||
|---|---|---|---|
| 001 | 0144921 | ||
| 005 | 20240604101232.8 | ||
| 041 | 0 | |a slo | |
| 044 | |a SK | ||
| 245 | 1 | 0 | |a Teória verejnej voľby a jej príspevok k pochopeniu makroekonomického vývoja súčasných ekonomík |c Anetta Čaplánová |
| 520 | |a Genéza teórie verejnej voľby. Teória verejnej voľby ako samostatný vedecký prístup poznačený významným vplyvom ekonómie i politických vied. Príspevok teórie verejnej voľby k pochopeniu determinantov makroekonomického vývoja. | ||
| 610 | 2 | 0 | |a voľba verejná |
| 610 | 2 | 0 | |a politika |
| 610 | 2 | 0 | |a ekonómia |
| 610 | 2 | 0 | |a makroekonomika |
| 610 | 2 | 0 | |a vývoj |
| 100 | 1 | |a Čaplánová, Anetta, 1967- | |